Detalles MARC
| 000 -LÍDER |
| Campo fijo de descripción fija |
01448nam a2200325 i 4500 |
| 001 - NÚMERO DE CONTROL |
| Campo de control |
768714001 |
| 003 - IDENTIFICADOR DEL NÚMERO DE CONTROL |
| Campo de control |
CO-MdFUSB |
| 005 - FECHA Y HORA DE LA ULTIMA TRANSACCIÓN |
| control field |
20211001152947.0 |
| 007 - CAMPO FIJO DE DESCRIPCIÓN FIJA--INFORMACIÓN GENERAL |
| Campo fijo de descripción fija |
ta |
| 008 - ELEMENTOS DE LONGITUD FIJA -- INFORMACIÓN GENERAL |
| Campo fijo de descripción fija -- Información general |
200603t1992 ck ||| |||| 00| 0 spa d |
| 020 ## - NÚMERO INTERNACIONAL NORMALIZADO PARA LIBROS |
| Número Internacional Normalizado del libro |
9580600074 |
| 040 ## - FUENTE DE CATALOGACIÓN |
| Agencia de catalogación original |
CO-MdFUSB |
| Idioma de catalogación |
spa |
| Agencia que realiza la transcripción |
CO-MdFUSB |
| Agencia que realiza la modificación |
CO-MdFUSBC |
| Convenciones de la descripción |
rda |
| 041 ## - CÓDIGO DE IDIOMA |
| Código de idioma para texto/pista de sonido o título separado |
spa |
| 082 ## - NÚMERO DE CLASIFICACIÓN DECIMAL DEWEY |
| Número de la edición del Dewey |
23 |
| Número de clasificación |
863.64 |
| Clave de autor-Numero de item |
G216 |
| 100 ## - ASIENTO PRINCIPAL--NOMBRE PERSONAL |
| Nombre personal |
García Márquez, Gabriel |
| Fechas asociadas con el nombre |
1927-2014 |
| 245 ## - TÍTULO |
| Título del Material |
Doce cuentos peregrinos |
| Mención de responsabilidad, etc. |
/ Gabriel García Márquez |
| 264 #1 - PRODUCCIÓN, PUBLICACIÓN, DISTRIBUCIÓN, MANUFACTURA, Y COPYRIGHT |
| Lugar de producción, publicación, distribución, manufactura |
Bogotá, Colombia : |
| Nombre del productor, publicador, distribuidor |
Oveja Negra, |
| Fecha de producción, publicación, distribución, manufactura, o copyright |
[1992] |
| 264 #4 - PRODUCCIÓN, PUBLICACIÓN, DISTRIBUCIÓN, MANUFACTURA, Y COPYRIGHT |
| Fecha de producción, publicación, distribución, manufactura, o copyright |
©1992 |
| 300 ## - DESCRIPCIÓN FÍSICA |
| Dimensiones |
226 páginas ; |
| Extensión |
22 cm |
| 336 ## - CONTENT TYPE |
| Source |
rdacontent |
| Content type term |
texto |
| Content type code |
txt |
| 337 ## - MEDIA TYPE |
| Source |
rdamedia |
| Media type term |
sin mediación |
| Media type code |
n |
| 338 ## - CARRIER TYPE |
| Source |
rdacarrier |
| Carrier type term |
volumen |
| Carrier type code |
nc |
| 505 ## - NOTA DE CONTENIDO |
| Nota de contenido con formato preestablecido |
Prólogo, Porqué doce, porqué cuentos y porqué peregrinos -- Buen viaje, señor presidente -- La santa -- El avión de la bella durmiente -- Me alquilo para soñar -- Solo vine a hablar por teléfono -- Espantos de agosto -- María dos Prezeres -- Diecisiete ingleses envenenados --Tramontana -- El verano feliz de la señora Forbes -- La luz es como el agua -- El rastro de tu sangre en la nieve |
| 650 #7 - ASIENTO SECUNDARIO DE MATERIA - TERMINO TEMÁTICO |
| 9 (RLIN) |
2265 |
| Término temático o nombre geográfico como elemento de entrada |
Literatura hispanoamericana |
| 650 #7 - ASIENTO SECUNDARIO DE MATERIA - TERMINO TEMÁTICO |
| 9 (RLIN) |
2518 |
| Término temático o nombre geográfico como elemento de entrada |
Literatura colombiana |
| 773 0# - HOST ITEM ENTRY |
| Host Biblionumber |
48764 |
| Host Itemnumber |
58577 |
| Main entry heading |
García Márquez, Gabriel |
| Place, publisher, and date of publication |
Bogotá : Oveja Negra |
| Other item identifier |
B31946 |
| Title |
Doce cuentos peregrinos / Gabriel García Márquez |
| Record control number |
(CO-MdFUSB)1606 |
| International Standard Book Number |
958-06-0007-4 |
| 942 ## - TIPO DE MATERIAL (KOHA) |
| Tipo de Item KOHA |
Libros General |
| 945 ## - LOCAL PROCESSING INFORMATION (OCLC) |
| a |
Dani |